Basura (Registro nro. 17820)

Detalles MARC
000 -LDR (LÍDER)
Campo de control de longitud fija 01716nam a2200313 a 4500
003 - IDENTIFICADOR DEL NÚMERO DE CONTROL
Campo de control CO-PeBPR
005 - FECHA Y HORA DE LA ÚLTIMA TRANSACCIÓN
Campo de control 20260429110753.0
008 - ELEMENTOS DE DATOS DE LONGITUD FIJA--INFORMACIÓN GENERAL
Campo de control de longitud fija 260415e2024 ck a|||| n||| 00| 0 spa c
020 ## - Código Internacional normalizado para libros
Código Internacional normalizado para libros 9789581404193
040 0# - FUENTE DE CATALOGACIÓN
Agencia catalogadora original CO-PeBPR
Idioma de la agencia catalogadora spa
Agencia que transcribe CO-PeBPR
Norma para la descripción rda
041 0# - Código del Idioma
Código idioma del recurso original spa
082 04 - NÚMERO DE CLASIFICACIÓN DECIMAL DEWEY
Número de clasificación (i) 628.445 R149b
100 1# - ASIENTO PRINCIPAL--NOMBRE PERSONAL
Nombre personal Raidt, Gerda
Fechas asociadas al nombre 1975
Términos de relación autora
-- ilustradora
245 10 - MENCIÓN DE TÍTULO
Título propiamente dicho Basura
Subtítulo o título paralelo : todo sobre la cosa más molesta del mundo
Mención de responsabilidad / texto e ilustraciones de Gerda Raidt ; traducción de Paula R.S.
250 ## - MENCIÓN DE EDICIÓN
Mención de edición Edición especial
264 #1 - Área de la Producción Publicación, Distribución, Manufactura, etc.
Lugar de publicación, distribución, etc. Bogotá, Colombia
Nombre de la editorial, distribuidor, etc. : Lóguez Ediciones
Fecha de publicación, distribución, etc. , 2024
300 ## - DESCRIPCIÓN FÍSICA
Extensión 93 páginas
Otros detalles físicos : ilustraciones a color
Dimensiones ; 22 centímetros
336 ## - Tipo de Contenido
Tipo de contenido texto
Código de tipo de contenido txt
Fuente rdacontenido
337 ## - Tipo de Medio
Tipo de Medio sin mediación
Código de tipo de medio n
Fuente rdamedio
338 ## - Tipo de Soporte
Tipo de soporte volumen
Código de tipo de soporte nc
Fuente rdasoporte
490 ## - MENCIÓN DE SERIE
Título de la serie Plan Nacional de Lectura, Escritura y Oralidad /Ministerio de Cultura, las Artes y los saberes.
520 ## - NOTA DE RESUMEN, ETC.
Nota de sumario Abrir el contenedor, adentro la basura, fuera la suciedad!. Todos sabemos que esto no es tan sencillo. Apilamos gigantescas montañas de basura y convertimos el mar en una zona de plásticos. Embarcamos nuestra basura rumbo a lejanos países y dejamos nuestra chatarra incluso en el espacio. ¿Por qué? Gerda Raidt explica, con muchas ilustraciones y breves textos, interesantes trasfondos y alienta a actuar. Concretamente, en casa y delante de la puerta.
521 ## - NOTA DE AUDIENCIA
Nota de audiencia Recomendado para 7 a 12 años.
650 14 - ASIENTO SECUNDARIO DE MATERIA - TÉRMINO TEMÁTICO
Fuente del encabezado o término LEMB
Encabezamiento temático Disposición de residuos
Subdivisión general Literatura infantil
Subdivisión de forma Aspectos ambientales
650 14 - ASIENTO SECUNDARIO DE MATERIA - TÉRMINO TEMÁTICO
Fuente del encabezado o término LEMB
Encabezamiento temático Basuras y aprovechamiento de basuras
Subdivisión general Literatura infantil
650 14 - ASIENTO SECUNDARIO DE MATERIA - TÉRMINO TEMÁTICO
Fuente del encabezado o término LEMB
Encabezamiento temático Conciencia ambiental
Subdivisión general Literatura infantil
Subdivisión de forma Enseñanza
700 1# - ASIENTO SECUNDARIO - NOMBRE PERSONAL
Nombre personal R.S., Paula
Término de relación, rol en la obra traductora
942 ## - ENTRADA DE ELEMENTOS AGREGADOS (KOHA
Fuente de clasificación o esquema de estantería. Dewey Decimal Classification
Tipo de ítem Literatura Infantil
Existencias
Estado de pérdida Fuente del sistema de clasificación o colocación Estado de daño No disponible para préstamo Colección Biblioteca de origen Biblioteca actual Ubicación en estantería Signatura topográfica completa Ejemplar Código de barras Tipo de ítem Fecha de adquisición Fuente de adquisición Total de pagos Fecha de la última vez visto
  Dewey Decimal Classification     Infantil Sala de Patrimonio Bibliográfico y Documental - Biblioteca Departamental Sala de Patrimonio Bibliográfico y Documental - Biblioteca Departamental Área Infantil (i) 628.445 R149b Ej.1 RIBPD16095 Literatura Infantil 29/04/2026 Dotación MinCultura y BNC   29/04/2026